Normal view
MARC view
- Bohr, Niels,
Entry Nombre Personal
001 - NUMERO DE CONTROL
- campo de control: 5443
003 - IDENTIFICADOR DE NUMERO DE CONTROL
- campo de control: UPN
005 - FECHA Y HORA DE LA ÜLTIMA TRANSACCIÓN
- campo de control: 20220518123627.0
008 - DATOS DE LONGITUD FIJA
- campo de control de longitud fija: nabaccnnaabn|||||||||| b |nc|||||d
035 ## - NUMERO DE CONTROL
- Número de control: UPN10000005443
040 ## - FUENTE DE CATALOGACIÓN
- Lenguaje de catalogación: SPA
- Agencia de transcripción: UPN
- Agencia original de catalogación: UPN
053 #4 - NÚMERO DE CLASIFICACIÓN LC
- Número de clasificación elemento-número único o número inicial de tramo: QC16 B6.2
100 1# - ENCABEZAMIENTO - NOMBRE PERSONAL
- Nombre personal: Bohr, Niels,
- Fechas asociadas con el nombre: 1885-1962
670 ## - FUENTE EN LA QUE SE LOCALIZARON DATOS
- Cita de la fuente: T
- Información localizada: Enciclopedia hispánica
902 ## - CATALOGADOR
- Catalogador: MCM/110699
